[Event "Wroclaw Anderssen Memorial op"]
[Site "Wroclaw"]
[Date "2021.07.31"]
[Round "7"]
[White "Hasterok, Lukasz"]
[Black "Piwowar, Michal"]
[Result "1-0"]
[WhiteElo "1637"]
[BlackElo "1850"]
[PlyCount "67"]
[EventDate "2021.07.31"]
[EventType "swiss (rapid)"]
[EventRounds "9"]
[EventCountry "POL"]
[SourceTitle "CBM 203 Extra"]
[Source "ChessBase"]
[SourceDate "2021.09.30"]
[SourceVersion "1"]
[SourceVersionDate "2021.09.30"]
[SourceQuality "1"]

1. d4 f5 2. Nf3 Nf6 3. Bf4 g6 4. e3 Bg7 5. h3 0-0 6. Nbd2 d6 7. Bc4+ e6 8. c3 Kh8 9. 0-0 Qe7 10. Re1 d5 11. Be2 Nc6 12. Ne5 Ne4 13. Nxc6 bxc6 14. c4 Rb8 15. Nxe4 fxe4 16. Rb1 e5 17. Bxe5 Bxe5 18. dxe5 Qxe5 19. Qd4 Qxd4 20. exd4 Bf5 21. Bg4 e3 22. Bxf5 exf2+ 23. Kxf2 Rxf5+ 24. Kg1 Rb4 25. cxd5 cxd5 26. Re7 Rxd4 27. Rxc7 Rd2 28. Re1 Rf8 29. Ree7 Rd8 30. Rxh7+ Kg8 31. Rcg7+ Kf8 32. Rxa7 Kg8 33. Rag7+ Kf8 34. Rxg6 1-0

[Event "Wroclaw Anderssen Memorial op"]
[Site "Wroclaw"]
[Date "2021.07.31"]
[Round "6"]
[White "Piwowar, Michal"]
[Black "Zalucka, Emilia"]
[Result "1-0"]
[WhiteElo "1850"]
[BlackElo "1526"]
[PlyCount "115"]
[EventDate "2021.07.31"]
[EventType "swiss (rapid)"]
[EventRounds "9"]
[EventCountry "POL"]
[SourceTitle "CBM 203 Extra"]
[Source "ChessBase"]
[SourceDate "2021.09.30"]
[SourceVersion "1"]
[SourceVersionDate "2021.09.30"]
[SourceQuality "1"]

1. e4 e5 2. Nf3 Nc6 3. Bc4 Bc5 4. d3 Nf6 5. c3 d6 6. Nbd2 0-0 7. 0-0 a6 8. Bb3 h6 9. Re1 Be6 10. Bc2 Ng4 11. Re2 f5 12. Nf1 fxe4 13. dxe4 d5 14. Bb3 Na5 15. Bxd5 Bxd5 16. exd5 e4 17. Nd4 Qxd5 18. h3 Bxd4 19. cxd4 Nf6 20. Ne3 Qd7 21. b3 Nc6 22. Bb2 Rad8 23. Rd2 Nd5 24. Nc4 Rf7 25. Qe2 Nf6 26. Rad1 Qe6 27. Ne5 Nxe5 28. dxe5 Rxd2 29. Rxd2 Nd5 30. Qxe4 c6 31. Rd1 Rf4 32. Qe2 Rf7 33. Qg4 Qxg4 34. hxg4 Re7 35. g3 Kf7 36. Kg2 Kg6 37. a3 Kf7 38. Rd3 g5 39. f3 Ke6 40. Kf2 Rf7 41. Kg2 Re7 42. Kf2 Rf7 43. Ke2 Rd7 44. Rd1 Rf7 45. Rh1 Rh7 46. Kd3 c5 47. Ke4 b6 48. f4 gxf4 49. gxf4 Nc7 50. f5+ Ke7 51. g5 h5 52. g6 Rh6 53. f6+ Kf8 54. Kf5 Nd5 55. Kg5 Rh8 56. e6 Rg8 57. g7+ Ke8 58. f7+ 1-0